|
|
|
|
| LEADER |
00000nta a2200000 i 4500 |
| 001 |
dolg4080 |
| 005 |
20151207151250.0 |
| 008 |
151204suuuu hu o 000 hun d |
| 040 |
|
|
|a BGE Dolgozattár Repozitórium
|b hun
|
| 041 |
|
|
|a hu
|
| 100 |
1 |
|
|a Varga Ilona Henrietta
|
| 245 |
1 |
2 |
|a A logisztika szerepe az Inditex cégcsoporton belül
|c Varga Ilona Henrietta
|h [elektronikus dokumentum]
|
| 516 |
|
|
|a Final_paper
|
| 695 |
|
|
|a inditex, zara, logisztika, varga, gyakorlat
|
| 700 |
1 |
|
|a Renner Péter
|e ths
|
| 856 |
4 |
0 |
|u http://dolgozattar.uni-bge.hu/4080/1/z%C3%A1r%C3%B3dolgozat%20Varga%20Ilona%20Henrietta.doc
|z Dokumentum-elérés
|